Эпоха трудовых свершений (Запись № 12276228)

Подробности
000 -МАРКЕР
контрольное поле 01998nam0a2200313 i 4500
001 - ИДЕНТИФИКАТОР ЗАПИСИ
контрольное поле RU\NLR\BIBL_A\011560485
005 - ИДЕНТИФИКАТОР ВЕРСИИ
контрольное поле 20241110063904.0
035 ## - ДРУГИЕ СИСТЕМНЫЕ НОМЕРА
Идентификатор записи (NLR Aleph) 011560485
100 ## - ДАННЫЕ ОБЩЕЙ ОБРАБОТКИ
Данные общей обработки 20171218d2017 u y0rusy50 ca
101 0# - ЯЗЫК РЕСУРСА
Язык текста, звукозаписи и т.д. русский
102 ## - СТРАНА ПУБЛИКАЦИИ ИЛИ ПРОИЗВОДСТВА
Страна публикации Российская Федерация
105 ## - ПОЛЕ КОДИРОВАННЫХ ДАННЫХ: ТЕКСТОВЫЕ МАТЕРИАЛЫ, МОНОГРАФИЧЕСКИЕ
Кодированные данные о монографическом текстовом документе a g 010zy
200 1# - ЗАГЛАВИЕ И СВЕДЕНИЯ ОБ ОТВЕТСТВЕННОСТИ
Основное заглавие Эпоха трудовых свершений
Сведения, относящиеся к заглавию к Году истории в Ленинградской области и 90-летию образования Ленинградской области
-- каталог выставки
Первые сведения об ответственности Ленинградская областная универсальная научная библиотека, Отдел обслуживания
Последующие сведения об ответственности [сост.: Е.А. Абаимова]
210 ## - ПУБЛИКАЦИЯ, РАСПРОСТРАНЕНИЕ И ДР.
Место издания, распространения и т.д. Санкт-Петербург
Имя издателя, распространителя и т. д. Ленинградская областная универсальная научная библиотека
Дата издания, распространения и т.д. 2017
215 ## - ФИЗИЧЕСКАЯ ХАРАКТЕРИСТИКА
Специфическое обозначение материала и объем 20 с.
Другие сведения о физической характеристике ил.
Размеры 21
320 ## - ПРИМЕЧАНИЯ О НАЛИЧИИ В ДОКУМЕНТЕ БИБЛИОГРАФИИ / УКАЗАТЕЛЯ
Текст примечания Библиогр. в тексте
517 1# - ДРУГИЕ ВАРИАНТЫ ЗАГЛАВИЯ
Вариант заглавия К Году истории в Ленинградской области и 90-летию образования Ленинградской области
607 ## - ГЕОГРАФИЧЕСКОЕ НАИМЕНОВАНИЕ КАК ПРЕДМЕТ
Географическое наименование Ленинградская область
Формальный подзаголовок Библиография
Тематический подзаголовок История
Системный номер авторитетной/нормативной записи 1007311
Идентификатор авторитетной/нормативной записи RU\NLR\AUTH\66382981
686 1# - ИНДЕКСЫ ДРУГИХ КЛАССИФИКАЦИЙ
Индекс Т3(2Р-4Ле)я1
702 #1 - ИМЯ ЛИЦА - ВТОРИЧНАЯ ОТВЕТСТВЕННОСТЬ
Начальный элемент ввода Абаимова
Часть имени, кроме начального элемента ввода Е. А.
Код отношения Составитель
711 12 - НАИМЕНОВАНИЕ ОРГАНИЗАЦИИ - АЛЬТЕРНАТИВНАЯ ОТВЕТСТВЕННОСТЬ
Начальный элемент ввода "Эпоха трудовых свершений", областная кольцевая выставка
Место проведения временной организации Санкт-Петербург
Дата проведения временной организации 2017
Системный номер авторитетной/нормативной записи 581789
Идентификатор авторитетной/нормативной записи RU\NLR\AUTH\880459486
712 02 - НАИМЕНОВАНИЕ ОРГАНИЗАЦИИ - ВТОРИЧНАЯ ОТВЕТСТВЕННОСТЬ
Код отношения Прочие
Начальный элемент ввода Ленинградская областная универсальная научная библиотека
Структурное подразделение Отдел обслуживания
Идентифицирующий признак Санкт-Петербург
Системный номер авторитетной/нормативной записи 581790
Идентификатор авторитетной/нормативной записи RU\NLR\AUTH\880459487
942 ## - ДОПОЛНИТЕЛЬНЫЕ ЭЛЕМЕНТЫ ЗАПИСИ (АБИС)
Тип экземпляра АБИС Книга
980 ## - КОЛЛЕКЦИЯ
Название коллекции НБР

Нет доступных экземпляров.